|
|
|
|
| LEADER |
00000cam a22000004a 4500 |
| 001 |
musev2_79765 |
| 003 |
MdBmJHUP |
| 005 |
20230905052219.0 |
| 006 |
m o d |
| 007 |
cr||||||||nn|n |
| 008 |
120203s2012 enk o 00 0 eng d |
| 020 |
|
|
|a 9781847423092
|
| 020 |
|
|
|z 9781847423085
|
| 035 |
|
|
|a (OCoLC)772844911
|
| 040 |
|
|
|a MdBmJHUP
|c MdBmJHUP
|
| 100 |
1 |
|
|a Rowlingson, Karen.
|
| 245 |
1 |
0 |
|a Wealth and the Wealthy :
|b Exploring and Tackling Inequalities between Rich and Poor /
|c Karen Rowlingson and Stephen McKay.
|
| 264 |
|
1 |
|a Bristol, U.K. :
|b Policy Press,
|c 2012.
|
| 264 |
|
3 |
|a Baltimore, Md. :
|b Project MUSE,
|c 2021
|
| 264 |
|
4 |
|c ©2012.
|
| 300 |
|
|
|a 1 online resource (269 pages):
|b ill.
|
| 336 |
|
|
|a text
|b txt
|2 rdacontent
|
| 337 |
|
|
|a computer
|b c
|2 rdamedia
|
| 338 |
|
|
|a online resource
|b cr
|2 rdacarrier
|
| 588 |
|
|
|a Description based on print version record.
|
| 650 |
|
0 |
|a Wealth
|z Great Britain.
|
| 650 |
|
0 |
|a Income distribution
|z Great Britain.
|
| 655 |
|
7 |
|a Electronic books.
|2 local
|
| 700 |
1 |
|
|a McKay, Stephen.
|
| 710 |
2 |
|
|a ProQuest (Firm)
|
| 710 |
2 |
|
|a Project Muse.
|e distributor
|
| 830 |
|
0 |
|a Book collections on Project MUSE.
|
| 856 |
4 |
0 |
|z Texto completo
|u https://projectmuse.uam.elogim.com/book/79765/
|
| 945 |
|
|
|a Project MUSE - Custom Collection
|